Tình huống tâm lí học lứa tuổi và tâm lí học sư phạm

Giới thiệu một số vấn đề cơ bản của tâm lí học lứa tuổi, 239 tình huống của tâm lí học lứa tuổi và tâm lí học sư phạm và nguyên tắc ứng xử sư phạm

Gardado en:
Detalles Bibliográficos
Autor Principal: Đỗ, Thị Châu
Outros autores: Đỗ Thị Châu
Idioma:Undetermined
Publicado: Hà Nội Giáo dục 2005
Những chủ đề:
Các nhãn: Engadir etiqueta
Sen Etiquetas, Sexa o primeiro en etiquetar este rexistro!
Thư viện lưu trữ: Trung tâm Học liệu Trường Đại học Trà Vinh
LEADER 00880nam a2200241Ia 4500
001 TVU_4949
008 210423s9999 xx 000 0 und d
041 |a Vie 
082 |a 155.2 
082 |b Ch125 
100 |a Đỗ, Thị Châu 
245 0 |a Tình huống tâm lí học lứa tuổi và tâm lí học sư phạm 
245 0 |c Đỗ Thị Châu 
260 |a Hà Nội 
260 |b Giáo dục 
260 |c 2005 
300 |a 435 tr. 
300 |c 24 cm 
504 |a Thư mục: tr.423-426 
520 |a Giới thiệu một số vấn đề cơ bản của tâm lí học lứa tuổi, 239 tình huống của tâm lí học lứa tuổi và tâm lí học sư phạm và nguyên tắc ứng xử sư phạm 
650 |a Tâm lí học lứa tuổi; Tâm lí học sư phạm 
700 |a Đỗ Thị Châu 
980 |a Trung tâm Học liệu Trường Đại học Trà Vinh